Cuestiones constitucionales. Votos del C. Ignacio L. Vallarta presidente de la Suprema Corte de Justicia en los negocios más notables resueltos por este tribunal de noviebre de 187 a diciembre de 1880

Detalles Bibliográficos
Autor principal: Vallarta Ogazón, Ignacio Luis, 1830-1893
Formato: Libro
Lenguaje:Spanish
Publicado: México : imprenta de Francisco Díaz de León, calle de Lerdo número 3, 1879-1883.
Materias:
Colección:Banco de datos
Acervo:Universidad Autónoma Benito Juárez de Oaxaca. Biblioteca Francisco de Burgoa. Colección histórica
Descripción Física:4 t. ; 22.5 cm.
Tema general:Política
Notas:Portada tipográfica con plecas. Texto a renglón seguido con paginación en números arábigos y romanos, notas a pie de página y signaturas. Tomo con portada y numeración propias. Año del t. 2 publicado en 1881. Paginación: t. 2 IV, 494 p. Encuadernación en cartón con lomo en piel. Sello en tinta de la Biblioteca General de la Universidad Benito Juárez de Oaxaca, Oax.
LEADER 01271nam a22001810004500
035 |a 4690 
041 0 |a spa 
100 1 |a Vallarta Ogazón, Ignacio Luis, 1830-1893 
245 1 0 |a Cuestiones constitucionales. Votos del C. Ignacio L. Vallarta presidente de la Suprema Corte de Justicia en los negocios más notables resueltos por este tribunal de noviebre de 187 a diciembre de 1880  
260 |a México : imprenta de Francisco Díaz de León, calle de Lerdo número 3, 1879-1883. 
300 |a 4 t. ; 22.5 cm.  
500 |a Portada tipográfica con plecas. Texto a renglón seguido con paginación en números arábigos y romanos, notas a pie de página y signaturas. Tomo con portada y numeración propias. Año del t. 2 publicado en 1881. Paginación: t. 2 IV, 494 p. Encuadernación en cartón con lomo en piel. Sello en tinta de la Biblioteca General de la Universidad Benito Juárez de Oaxaca, Oax. 
504 |a Al final del t. 2 está el índice de contenido 
650 1 0 |a Política 
852 |a Universidad Autónoma "Benito Juárez" de Oaxaca, Biblioteca Francisco de Burgoa, Colección histórica t. 2 (23443) 
942 |c BURHIS 
943 |g Universidad Autónoma Benito Juárez de Oaxaca. Biblioteca Francisco de Burgoa. Colección histórica 
999 |c 1123533  |d 1123533